[Event "MNT-chT"]
[Site "Cetinje"]
[Date "2013.07.01"]
[Round "8.4"]
[White "Konjevic, Djordjije"]
[Black "Vlatkovic, Milos"]
[Result "1/2-1/2"]
[WhiteElo "2324"]
[BlackElo "2339"]
[PlyCount "99"]
[EventDate "2013.06.24"]
[EventType "team-tourn"]
[EventRounds "9"]
[EventCountry "MNE"]
[SourceTitle "CBM 155 Extra"]
[Source "ChessBase"]
[SourceDate "2013.08.26"]
[SourceVersion "1"]
[SourceVersionDate "2013.08.26"]
[SourceQuality "1"]
[WhiteTeam "Herceg Novi"]
[BlackTeam "Bijela Kruso Niskogradnja"]
[WhiteTeamCountry "MNE"]
[BlackTeamCountry "MNE"]

1. c4 e5 2. Nc3 Nf6 3. Nf3 Nc6 4. g3 d5 5. cxd5 Nxd5 6. d3 Be7 7. Bg2 Nb6 8. 0-0 0-0 9. b3 Re8 10. Bb2 Bf8 11. Rc1 Bg4 12. h3 Bh5 13. Ne4 Nd7 14. g4 Bg6 15. Ng3 a5 16. Nd2 Nc5 17. Nc4 Nd4 18. e3 Nde6 19. Nxe5 Nxd3 20. Nxg6 hxg6 21. Rc2 Nxb2 22. Rxb2 c6 23. Qb1 Qh4 24. Rd1 Rad8 25. Rbd2 Bb4 26. Rd3 Rxd3 27. Qxd3 Rd8 28. Qe2 Qe7 29. Bf1 Nc5 30. Qc2 Rd6 31. Rxd6 Qxd6 32. Ne4 Qe5 33. Nxc5 Bxc5 34. Qd3 Bd6 35. Kg2 Kh8 36. a4 Kg8 37. f4 Qc5 38. Qe4 Kf8 39. Bc4 g5 40. f5 Be5 41. Qd3 Ke7 42. Kf3 Qb4 43. Ke2 Qa3 44. Qd2 b6 45. Qc2 Qc5 46. Qe4 Qd6 47. Ba6 Kd7 48. Qc4 Qd5 49. Qxd5+ cxd5 50. Kd3 1/2-1/2

[Event "MNT-chT"]
[Site "Cetinje"]
[Date "2013.06.25"]
[Round "2.4"]
[White "Konjevic, Djordjije"]
[Black "Milovic, Jovan"]
[Result "0-1"]
[WhiteElo "2324"]
[BlackElo "2309"]
[PlyCount "60"]
[EventDate "2013.06.24"]
[EventType "team-tourn"]
[EventRounds "9"]
[EventCountry "MNE"]
[SourceTitle "CBM 155 Extra"]
[Source "ChessBase"]
[SourceDate "2013.08.26"]
[SourceVersion "1"]
[SourceVersionDate "2013.08.26"]
[SourceQuality "1"]
[WhiteTeam "Herceg Novi"]
[BlackTeam "Elektroprivreda"]
[WhiteTeamCountry "MNE"]
[BlackTeamCountry "MNE"]

1. c4 Nc6 2. Nc3 g6 3. b3 Bg7 4. Bb2 f5 5. g3 Nh6 6. Bg2 0-0 7. e3 e5 8. Nd5 d6 9. Ne2 Be6 10. d4 Ne7 11. Qd2 c6 12. Nxe7+ Qxe7 13. d5 Bd7 14. dxc6 Bxc6 15. Bd5+ Kh8 16. Nc3 f4 17. gxf4 Qh4 18. 0-0-0 exf4 19. Ne4 Nf5 20. Bxc6 bxc6 21. Nxd6 Nxd6 22. Bxg7+ Kxg7 23. Qb2+ Kh6 24. Rxd6 fxe3 25. fxe3 Rf2 26. Rd2 Rxd2 27. Qxd2 Rd8 28. Qc3 Qe4 29. Re1 Rd3 30. Qb4 Kh5 0-1

[Event "MNT-chTA"]
[Site "Cetinje"]
[Date "2012.09.22"]
[Round "5"]
[White "Konjevic, Djordjije"]
[Black "Vlatkovic, Milos"]
[Result "1/2-1/2"]
[WhiteElo "2323"]
[BlackElo "2326"]
[PlyCount "92"]
[EventDate "2012.09.07"]
[EventType "team-tourn"]
[EventRounds "9"]
[EventCountry "MNE"]
[SourceTitle "CBM 150 Extra"]
[Source "ChessBase"]
[SourceDate "2012.10.19"]
[SourceVersion "1"]
[SourceVersionDate "2012.10.19"]
[SourceQuality "1"]

1. c4 e5 2. Nc3 Nf6 3. Nf3 Nc6 4. g3 d5 5. cxd5 Nxd5 6. Bg2 Nb6 7. b3 Be7 8. Bb2 0-0 9. 0-0 Re8 10. d3 Bf8 11. Rc1 Bg4 12. h3 Bh5 13. Ne4 Nd7 14. g4 Bg6 15. Ng3 Nc5 16. Nxe5 Nxe5 17. Bxe5 Rxe5 18. d4 Re7 19. dxc5 Rd7 20. Qe1 c6 21. e4 Rd2 22. a3 Qd4 23. b4 Rd8 24. Nf5 Qb2 25. Ra1 Bxf5 26. exf5 g6 27. fxg6 hxg6 28. Qc1 Qd4 29. Qe1 Bg7 30. Rb1 Qd7 31. Rb3 Bh6 32. Qe5 Re8 33. Qg3 Qd4 34. Rf3 Re5 35. h4 Bg7 36. Rf4 Qd7 37. Rf3 Rd4 38. Bh3 Ree4 39. Qb8+ Kh7 40. h5 Be5 41. hxg6+ fxg6 42. Qf8 Rf4 43. Rxf4 Rxf4 44. Qh6+ Kxh6 45. g5+ Kxg5 46. Bxd7 Rf3 1/2-1/2

[Event "MNT-chTA"]
[Site "Cetinje"]
[Date "2012.09.08"]
[Round "2"]
[White "Dragasevic, Srdjan"]
[Black "Konjevic, Djordjije"]
[Result "1/2-1/2"]
[WhiteElo "2279"]
[BlackElo "2323"]
[PlyCount "81"]
[EventDate "2012.09.07"]
[EventType "team-tourn"]
[EventRounds "9"]
[EventCountry "MNE"]
[SourceTitle "CBM 150 Extra"]
[Source "ChessBase"]
[SourceDate "2012.10.19"]
[SourceVersion "1"]
[SourceVersionDate "2012.10.19"]
[SourceQuality "1"]

1. d4 Nf6 2. Bg5 Ne4 3. Bf4 d5 4. e3 g6 5. Bd3 Nd6 6. Nf3 Bg7 7. 0-0 Nd7 8. Nc3 c6 9. Rb1 a5 10. e4 dxe4 11. Nxe4 Nxe4 12. Bxe4 Nf6 13. Be5 0-0 14. Bd3 Nd5 15. Bxg7 Kxg7 16. c3 Nf4 17. Bc2 Qd5 18. Qd2 Bf5 19. Bxf5 Qxf5 20. g3 Nd5 21. Kg2 Rfd8 22. Rbe1 Qf6 23. Rd1 b5 24. Rfe1 a4 25. Rc1 Qd6 26. Qe2 a3 27. b3 e6 28. b4 Nf6 29. Ne5 Qd5+ 30. f3 Qd6 31. Nd3 Nd5 32. Nc5 Ra7 33. Qe5+ Qxe5 34. Rxe5 Re7 35. f4 Rde8 36. Re2 Nb6 37. Kf3 Nc4 38. Nd3 f6 39. Rce1 Kf7 40. Kf2 Nb6 41. Kf3 1/2-1/2

[Event "MNT-chT"]
[Site "Tivat"]
[Date "2011.10.15"]
[Round "8.4"]
[White "Konjevic, Djordjije"]
[Black "Kalezic, Blazo"]
[Result "1/2-1/2"]
[WhiteElo "2314"]
[BlackElo "2461"]
[PlyCount "30"]
[EventDate "2011.10.08"]
[EventType "team-tourn"]
[EventRounds "9"]
[EventCountry "MNE"]
[SourceTitle "CBM 144 Extra"]
[Source "ChessBase"]
[SourceDate "2011.10.28"]
[SourceVersion "1"]
[SourceVersionDate "2011.10.28"]
[SourceQuality "1"]
[WhiteTeam "Herceg Novi"]
[BlackTeam "Podgorica Buducnost"]
[WhiteTeamCountry "MNE"]
[BlackTeamCountry "MNE"]

1. c4 c5 2. Nc3 b6 3. Nf3 Bb7 4. g3 g6 5. Bg2 Bg7 6. b3 Nf6 7. Bb2 0-0 8. 0-0 d5 9. Nxd5 Nxd5 10. Bxg7 Kxg7 11. cxd5 Qxd5 12. d4 cxd4 13. Qxd4+ Qxd4 14. Nxd4 Bxg2 15. Kxg2 Nd7 1/2-1/2

[Event "MNT-chT"]
[Site "Cetinje"]
[Date "2010.07.25"]
[Round "2"]
[White "Konjevic, Djordjije"]
[Black "Milovic, Jovan"]
[Result "1/2-1/2"]
[WhiteElo "2304"]
[BlackElo "2311"]
[PlyCount "94"]
[EventDate "2010.07.24"]
[EventType "team-swiss"]
[EventRounds "9"]
[EventCountry "MNE"]
[SourceTitle "CBM 137 Extra"]
[Source "ChessBase"]
[SourceDate "2010.09.01"]
[SourceVersion "1"]
[SourceVersionDate "2010.09.01"]
[SourceQuality "1"]

1. c4 g6 2. Nc3 Bg7 3. b3 Nf6 4. Bb2 0-0 5. g3 Nc6 6. Bg2 a6 7. Nf3 Rb8 8. 0-0 b5 9. cxb5 axb5 10. d4 Na5 11. Rc1 Bb7 12. Qc2 d6 13. Rfe1 c5 14. e4 Qb6 15. e5 Ng4 16. h3 cxd4 17. hxg4 dxc3 18. Bxc3 dxe5 19. Bxe5 Rbc8 20. Bc7 Qa7 21. Qc5 Qa8 22. Nh4 Nc6 23. Bxc6 Rxc7 24. Bxb7 Rxc5 25. Bxa8 Rxc1 26. Rxc1 Rxa8 27. Rc2 Be5 28. Nf3 Bd6 29. Kf1 Kg7 30. Nd4 Ra5 31. Nc6 Ra6 32. Nd4 Rb6 33. Ke2 Kf6 34. Ke3 h6 35. Nf3 Ra6 36. Nd2 Kg5 37. Kf3 f5 38. gxf5 gxf5 39. Nb1 Bb4 40. Kg2 Rd6 41. Nc3 Bxc3 42. Rxc3 b4 43. Rc4 Rd2 44. Rxb4 Rxa2 45. Rb5 Rc2 46. b4 Rb2 47. Kf3 e5 1/2-1/2

[Event "MNT-chT"]
[Site "Cetinje"]
[Date "2009.08.27"]
[Round "7.4"]
[White "Draganic, Veljko"]
[Black "Konjevic, Djordjije"]
[Result "1-0"]
[WhiteElo "2278"]
[BlackElo "2303"]
[PlyCount "61"]
[EventDate "2009.08.21"]
[EventType "team-tourn"]
[EventRounds "7"]
[EventCountry "MNE"]
[SourceTitle "CBM 131 Extra"]
[Source "ChessBase"]
[SourceDate "2009.09.03"]
[SourceVersion "2"]
[SourceVersionDate "2009.09.16"]
[SourceQuality "1"]

1. e4 d6 2. d4 Nf6 3. Nc3 g6 4. Nf3 c6 5. Be2 Bg7 6. 0-0 0-0 7. Re1 b5 8. a3 a6 9. h3 Ne8 10. Bf1 Nd7 11. Be3 Nc7 12. Qd2 Re8 13. Bh6 Bh8 14. Rad1 Nb6 15. Qf4 a5 16. e5 Ne6 17. Qh4 d5 18. Ne2 f6 19. Nf4 Nxf4 20. Bxf4 Bf5 21. Bd3 Qd7 22. Qg3 Bxd3 23. e6 Qc8 24. Rxd3 Rf8 25. h4 Qe8 26. h5 Bg7 27. hxg6 Qxg6 28. Nh4 Qh5 29. Qh2 Kh8 30. Rh3 Rg8 31. Kh1 1-0

[Event "MNT-chT"]
[Site "Herceg Novi"]
[Date "2008.08.28"]
[Round "4"]
[White "Jakic, Vidan"]
[Black "Konjevic, Djordjije"]
[Result "1-0"]
[WhiteElo "2109"]
[BlackElo "2301"]
[PlyCount "54"]
[EventDate "2008.08.25"]
[EventType "team-tourn"]
[EventRounds "7"]
[EventCountry "MNE"]
[SourceTitle "CBM 126 Extra"]
[Source "ChessBase"]
[SourceDate "2008.11.05"]
[SourceVersion "1"]
[SourceVersionDate "2008.11.05"]
[SourceQuality "1"]

1. e4 d6 2. d4 Nf6 3. Nc3 g6 4. f4 Bg7 5. Nf3 0-0 6. Bd3 Na6 7. 0-0 c5 8. d5 Rb8 9. f5 Nc7 10. fxg6 fxg6 11. Qe1 b5 12. Qh4 c4 13. Be2 Qe8 14. Be3 Rb7 15. Rae1 b4 16. Nd1 b3 17. axb3 cxb3 18. cxb3 Rxb3 19. Bc4 Rb4 20. e5 Ng4 21. b3 Nxe5 22. Nxe5 Bxe5 23. Bd2 Rxf1+ 24. Rxf1 Rb8 25. Bg5 Bg7 26. Bxe7 Nb5 27. Bf6 Bf8 1-0

[Event "MNT CupT"]
[Site "Podgorica"]
[Date "2008.03.23"]
[Round "2"]
[White "Konjevic, Djordjije"]
[Black "Raicevic, Momcilo"]
[Result "1/2-1/2"]
[WhiteElo "2302"]
[BlackElo "2360"]
[PlyCount "107"]
[EventDate "2008.03.16"]
[EventType "team-tourn"]
[EventRounds "5"]
[EventCountry "MNE"]
[SourceTitle "EXT 2009"]
[Source "ChessBase"]
[SourceDate "2008.11.26"]
[SourceVersion "1"]
[SourceVersionDate "2008.11.26"]
[SourceQuality "1"]

1. c4 e5 2. Nc3 Nc6 3. g3 g6 4. Bg2 Bg7 5. b3 d6 6. Bb2 Nge7 7. Nf3 0-0 8. 0-0 Nd4 9. Ne1 c6 10. e3 Ne6 11. f4 f5 12. Ne2 a5 13. Rb1 b6 14. d3 Bb7 15. Nf3 exf4 16. Bxg7 Kxg7 17. Nxf4 Qd7 18. Qd2 Ng8 19. Qc3+ Nf6 20. Nxe6+ Qxe6 21. e4 Kg8 22. exf5 Qxf5 23. Rbe1 Rae8 24. Nh4 Qc5+ 25. d4 Qb4 26. Qxb4 axb4 27. Rxe8 Nxe8 28. Re1 Nc7 29. Nf3 c5 30. d5 Re8 31. Rxe8+ Nxe8 32. Bh3 Nc7 33. Ng5 Kf8 34. Nxh7+ Ke7 35. Kf2 b5 36. Bg4 bxc4 37. bxc4 Ba6 38. Be2 Na8 39. Ng5 Nb6 40. Ne6 Bxc4 41. Bxc4 Nxc4 42. h4 Kf6 43. Nf4 Ne5 44. h5 g5 45. Ne6 Nd3+ 46. Ke3 Nc1 47. h6 Kg6 48. Nxg5 Nxa2 49. h7 Kg7 50. h8Q+ Kxh8 51. Nf7+ Kg7 52. Nxd6 Nc3 53. Kd3 Nxd5 54. Ne4 1/2-1/2

[Event "MNT-chT"]
[Site "Herceg Novi"]
[Date "2007.09.10"]
[Round "8"]
[White "Perosevic, Aleksandar"]
[Black "Konjevic, Djordjije"]
[Result "1-0"]
[WhiteElo "2213"]
[BlackElo "2303"]
[PlyCount "51"]
[EventDate "2007.09.03"]
[EventType "team-tourn"]
[EventRounds "9"]
[EventCountry "MNE"]
[SourceTitle "CBM 120 Extra"]
[Source "ChessBase"]
[SourceDate "2007.11.01"]
[SourceVersion "1"]
[SourceVersionDate "2007.11.01"]
[SourceQuality "1"]

1. e4 d6 2. d4 Nf6 3. Nc3 g6 4. Bg5 h6 5. Bh4 c6 6. f4 Qa5 7. Qd2 b5 8. Bd3 b4 9. Nce2 Qb6 10. Nf3 Bg7 11. 0-0 d5 12. Bxf6 Bxf6 13. Kh1 Bg7 14. Ne5 Nd7 15. exd5 cxd5 16. a3 bxa3 17. Rxa3 0-0 18. Rb3 Qd6 19. Ng3 Nf6 20. Qe2 h5 21. f5 h4 22. fxg6 hxg3 23. gxf7+ Rxf7 24. Nxf7 Kxf7 25. Qh5+ Kg8 26. Qg5 1-0

[Event "MNT-chT"]
[Site "Herceg Novi"]
[Date "2007.09.03"]
[Round "1.1"]
[White "Konjevic, Djordjije"]
[Black "Lekic, Dusan"]
[Result "0-1"]
[WhiteElo "2303"]
[BlackElo "2360"]
[PlyCount "150"]
[EventDate "2007.09.03"]
[EventType "team-tourn"]
[EventRounds "9"]
[EventCountry "MNE"]
[SourceTitle "CBM 120 Extra"]
[Source "ChessBase"]
[SourceDate "2007.11.01"]
[SourceVersion "1"]
[SourceVersionDate "2007.11.01"]
[SourceQuality "1"]

1. c4 e5 2. Nc3 Nf6 3. Nf3 Nc6 4. g3 d5 5. cxd5 Nxd5 6. Bg2 Nb6 7. b3 Be7 8. Bb2 0-0 9. 0-0 Re8 10. Rc1 Bf8 11. d3 Bg4 12. h3 Bh5 13. Ne4 Nd4 14. g4 Bg6 15. Nc5 Bxc5 16. Rxc5 Qd6 17. Rc1 Nxf3+ 18. Bxf3 c6 19. e4 Rad8 20. Be2 Nd7 21. Qc2 Nf8 22. Qc3 f6 23. Rfd1 Ne6 24. Bf1 h5 25. f3 Bf7 26. Kf2 a5 27. Ra1 b6 28. Bc1 c5 29. Be3 Ra8 30. Rab1 hxg4 31. hxg4 g5 32. Be2 Kg7 33. Rh1 Rh8 34. Kg2 Nd4 35. Qd2 Ne6 36. Qb2 Nf4+ 37. Bxf4 gxf4 38. Rxh8 Rxh8 39. Rh1 Rxh1 40. Kxh1 Qf8 41. Kg2 Kg6 42. Qa3 Be8 43. Qc1 Bb5 44. Qh1 Qd8 45. Qa1 Qd7 46. Qc3 Kg7 47. g5 Qf7 48. Kf2 Qh5 49. gxf6+ Kxf6 50. Ke1 Qh1+ 51. Kd2 Qg1 52. Qc2 Qa1 53. Bd1 Qd4 54. Be2 Qe3+ 55. Kc3 Kg5 56. Qd1 Kh4 57. Qe1+ Kh3 58. Bf1+ Kh2 59. Be2 Kg2 60. Qf1+ Kg3 61. Qe1+ Qf2 62. Qd1 Be8 63. a3 Bh5 64. b4 axb4+ 65. axb4 Qd4+ 66. Kc2 cxb4 67. Qh1 Qf2 68. Qxh5 Qxe2+ 69. Kb3 Qxd3+ 70. Kxb4 Qd4+ 71. Kb5 Kf2 72. Ka6 Qc5 73. Qg4 b5 74. Ka5 b4+ 75. Ka4 Qc3 0-1

[Event "MNT-chT 1st"]
[Site "Herceg Novi"]
[Date "2006.10.02"]
[Round "11"]
[White "Konjevic, Djordjije"]
[Black "Narancic, Vlado"]
[Result "1/2-1/2"]
[WhiteElo "2316"]
[BlackElo "2341"]
[PlyCount "120"]
[EventDate "2006.09.22"]
[EventType "team-tourn"]
[EventRounds "11"]
[EventCountry "MNE"]
[SourceTitle "CBM 114 Extra"]
[Source "ChessBase"]
[SourceDate "2006.11.03"]
[SourceVersion "1"]
[SourceVersionDate "2006.11.03"]
[SourceQuality "1"]

1. c4 Nf6 2. Nc3 g6 3. e4 d6 4. d4 Bg7 5. f3 0-0 6. Be3 b6 7. Bd3 a6 8. Nge2 c5 9. d5 e6 10. a4 exd5 11. cxd5 Nbd7 12. Ng3 Re8 13. 0-0 Qc7 14. Qd2 Rb8 15. Rfc1 Ne5 16. Be2 h5 17. h3 Qe7 18. Re1 Nh7 19. f4 Nd7 20. Bf3 h4 21. Nf1 c4 22. Qe2 b5 23. axb5 axb5 24. Ra7 g5 25. f5 Qd8 26. Na2 Nc5 27. Nb4 Bd7 28. Bh5 Re7 29. Bxc5 dxc5 30. d6 cxb4 31. dxe7 Qb6+ 32. Qe3 Bd4 33. Rxd7 Bxe3+ 34. Nxe3 Nf6 35. e8Q+ Nxe8 36. Bxf7+ Kh8 37. e5 c3 38. bxc3 bxc3 39. Kh1 c2 40. Nxc2 Qf2 41. f6 Nxf6 42. exf6 Qxf6 43. Nd4 b4 44. Bb3 Rd8 45. Rxd8+ Qxd8 46. Re4 Qa8 47. Rg4 Qa1+ 48. Kh2 Qc3 49. Bc2 Qc7+ 50. Kg1 Qc5 51. Kf2 Qe7 52. Re4 Qc5 53. Ke2 Kg8 54. Bb3+ Kh7 55. Ne6 Qc1 56. Rc4 Qb2+ 57. Bc2+ Kh6 58. Nd4 Qa3 59. Bb3 Kg7 60. Ke3 Qb2 1/2-1/2

[Event "MNT-chT 1st"]
[Site "Herceg Novi"]
[Date "2006.09.27"]
[Round "6"]
[White "Konjevic, Djordjije"]
[Black "Pajkovic, Vladimir"]
[Result "1/2-1/2"]
[WhiteElo "2316"]
[BlackElo "2418"]
[PlyCount "46"]
[EventDate "2006.09.22"]
[EventType "team-tourn"]
[EventRounds "11"]
[EventCountry "MNE"]
[SourceTitle "CBM 114 Extra"]
[Source "ChessBase"]
[SourceDate "2006.11.03"]
[SourceVersion "1"]
[SourceVersionDate "2006.11.03"]
[SourceQuality "1"]

1. c4 Nf6 2. Nc3 c5 3. g3 Nc6 4. Bg2 e6 5. Nf3 d5 6. cxd5 exd5 7. d4 Be7 8. 0-0 0-0 9. dxc5 Bxc5 10. b3 a6 11. Bb2 Re8 12. Rc1 Qd6 13. e3 Bf5 14. Na4 Bd7 15. Nd4 Bg4 16. Bf3 Bxf3 17. Qxf3 Bxd4 18. Bxd4 Nxd4 19. exd4 Ne4 20. Rfd1 Re7 21. Nc5 Rae8 22. h4 g6 23. Nd3 h5 1/2-1/2

[Event "MNT-chT 1st"]
[Site "Herceg Novi"]
[Date "2006.09.26"]
[Round "5"]
[White "Rabrenovic, Milinko"]
[Black "Konjevic, Djordjije"]
[Result "1-0"]
[WhiteElo "2341"]
[BlackElo "2316"]
[PlyCount "73"]
[EventDate "2006.09.22"]
[EventType "team-tourn"]
[EventRounds "11"]
[EventCountry "MNE"]
[SourceTitle "CBM 114 Extra"]
[Source "ChessBase"]
[SourceDate "2006.11.03"]
[SourceVersion "1"]
[SourceVersionDate "2006.11.03"]
[SourceQuality "1"]

1. e4 d6 2. d4 Nf6 3. Nc3 g6 4. Be3 c6 5. Qd2 b5 6. Bd3 Nbd7 7. Nf3 Qc7 8. 0-0 Bg7 9. Bh6 0-0 10. Ne2 c5 11. c3 e5 12. Ng3 c4 13. Bc2 Nb6 14. Bxg7 Kxg7 15. Nh4 Ng8 16. f4 Qe7 17. Nf3 f6 18. f5 Kh8 19. Nh4 g5 20. Nf3 Bb7 21. h4 gxh4 22. Nxh4 Qg7 23. Kf2 Qg5 24. Qxg5 fxg5 25. Nf3 exd4 26. Nxd4 Nf6 27. Ne6 Rg8 28. Rh1 Nbd7 29. Rad1 Nc5 30. Nxc5 dxc5 31. Rd6 Ng4+ 32. Ke2 Rae8 33. f6 Rd8 34. e5 h6 35. f7 Rgf8 36. Rxd8 Rxd8 37. e6 1-0

[Event "SCG-chT 4th"]
[Site "Vrnjacka Banja"]
[Date "2006.05.06"]
[Round "6"]
[White "Konjevic, Djordjije"]
[Black "Savic, Miodrag R"]
[Result "0-1"]
[WhiteElo "2319"]
[BlackElo "2524"]
[PlyCount "82"]
[EventDate "2006.05.01"]
[EventType "team"]
[EventRounds "7"]
[EventCountry "YUG"]
[SourceTitle "CBM 112 Extra"]
[Source "ChessBase"]
[SourceDate "2006.07.14"]
[SourceVersion "1"]
[SourceVersionDate "2006.07.14"]
[SourceQuality "1"]

1. c4 e6 2. Nc3 Bb4 3. g3 Nf6 4. Bg2 d5 5. Nf3 0-0 6. a3 Bxc3 7. dxc3 dxc4 8. Qxd8 Rxd8 9. Ne5 Nd5 10. Nxc4 Nc6 11. 0-0 b6 12. Ne3 Nde7 13. b4 Rb8 14. a4 Bb7 15. Ba3 Nd5 16. Nxd5 exd5 17. Bc1 Rd7 18. Bf4 a5 19. b5 Nd8 20. Bh3 Ne6 21. Bxe6 fxe6 22. Be5 Rc8 23. Bd4 Rf7 24. f4 h6 25. Rfc1 Kh7 26. Ra2 g5 27. e3 Rg8 28. Rf2 Kg6 29. Rcf1 g4 30. h3 gxh3 31. Kh2 Kf5 32. Kxh3 h5 33. Kg2 h4 34. Rf3 Rh7 35. Rh1 c5 36. bxc6 Bxc6 37. Kf2 Rxg3 38. Rb1 Kg4 39. Rxg3+ hxg3+ 40. Kg1 Bxa4 41. Rxb6 Kf3 0-1

[Event "Bar Sozina op"]
[Site "Bar"]
[Date "2005.03.08"]
[Round "5"]
[White "Schneider, Dmitry"]
[Black "Konjevic, Djordjije"]
[Result "1-0"]
[WhiteElo "2475"]
[BlackElo "2336"]
[PlyCount "81"]
[EventDate "2005.03.04"]
[EventType "swiss"]
[EventRounds "9"]
[EventCountry "YUG"]
[SourceTitle "CBM 105 Extra"]
[Source "ChessBase"]
[SourceDate "2005.05.01"]
[SourceVersion "1"]
[SourceVersionDate "2005.05.01"]
[SourceQuality "1"]

1. e4 d6 2. d4 Nf6 3. Nc3 g6 4. Be3 Bg7 5. Qd2 c6 6. f3 Nbd7 7. Nge2 b5 8. Bh6 Bxh6 9. Qxh6 b4 10. Nd1 c5 11. Qd2 a5 12. Ne3 Ba6 13. dxc5 dxc5 14. Nf4 Bxf1 15. Rxf1 Ne5 16. 0-0-0 Qxd2+ 17. Rxd2 e6 18. Nd3 Ned7 19. Nc4 Ke7 20. Nde5 Nxe5 21. Nxe5 Rhc8 22. Rfd1 Rc7 23. c3 a4 24. Kc2 Ra6 25. Nc4 Rb7 26. Rd6 b3+ 27. Kb1 Raa7 28. Nb6 Rc7 29. e5 Nd7 30. Rxd7+ Rxd7 31. Rxd7+ Rxd7 32. Nxd7 Kxd7 33. axb3 axb3 34. c4 g5 35. Kc1 f6 36. exf6 Ke8 37. Kd2 Kf7 38. Kc3 Kxf6 39. Kxb3 Ke5 40. Kc3 g4 41. b4 1-0

[Event "MNT op 5th"]
[Site "Sozina"]
[Date "2004.02.21"]
[Round "4"]
[White "Konjevic, Djordjije"]
[Black "Kalezic, Blazo"]
[Result "0-1"]
[WhiteElo "2338"]
[BlackElo "2442"]
[PlyCount "50"]
[EventDate "2004.02.18"]
[EventType "swiss"]
[EventRounds "9"]
[EventCountry "MNE"]
[SourceTitle "CBM 098 Extra"]
[Source "ChessBase"]
[SourceDate "2004.03.10"]
[SourceVersion "2"]
[SourceVersionDate "2004.03.10"]
[SourceQuality "1"]

1. c4 Nf6 2. Nc3 e5 3. Nf3 d6 4. g3 Be7 5. Bg2 c6 6. d3 0-0 7. 0-0 Bg4 8. h3 Bh5 9. g4 Bg6 10. e4 Nbd7 11. Nh4 Ne8 12. Nf5 Bf6 13. Be3 a6 14. Qd2 h6 15. Ne2 b5 16. Neg3 Nc5 17. Rac1 Ne6 18. cxb5 c5 19. b4 Bg5 20. b6 Qxb6 21. bxc5 dxc5 22. Bxg5 hxg5 23. Ne7+ Kh7 24. Rb1 Qd8 25. Ngf5 N8c7 0-1

[Event "MNT op 5th"]
[Site "Sozina"]
[Date "2004.02.19"]
[Round "2"]
[White "Konjevic, Djordjije"]
[Black "Mateuta, Gabriel"]
[Result "0-1"]
[WhiteElo "2338"]
[BlackElo "2444"]
[PlyCount "76"]
[EventDate "2004.02.18"]
[EventType "swiss"]
[EventRounds "9"]
[EventCountry "MNE"]
[SourceTitle "CBM 098 Extra"]
[Source "ChessBase"]
[SourceDate "2004.03.10"]
[SourceVersion "2"]
[SourceVersionDate "2004.03.10"]
[SourceQuality "1"]

1. c4 e6 2. Nc3 b6 3. Nf3 Bb7 4. g3 Bb4 5. Bg2 Bxc3 6. bxc3 Ne7 7. 0-0 0-0 8. a4 a5 9. Ba3 d6 10. Qb1 Qc8 11. c5 dxc5 12. Bxc5 Re8 13. Ng5 Ng6 14. Bxb7 Qxb7 15. h4 Nd7 16. Be3 Nf6 17. c4 Rad8 18. c5 h6 19. Nf3 Nd5 20. cxb6 cxb6 21. Qb3 e5 22. Rab1 Qd7 23. h5 Nf8 24. Qc4 e4 25. Nh2 Qh3 26. Rb5 Re5 27. g4 Ne6 28. Kh1 f5 29. gxf5 Qxf5 30. f4 exf3 31. Rxf3 Qxh5 32. d4 Rf5 33. Qc6 Rxf3 34. exf3 Qf5 35. Qxb6 Qf7 36. Qxa5 Nxe3 37. Qd2 Nc4 38. Qc1 Nxd4 0-1